| 000 | 00951nam a2200289 i 4500 | ||
|---|---|---|---|
| 001 | bg | ||
| 100 | 1 | _aKASPERSKY, Kris | |
| 245 | 1 | 0 |
_aDezasemblowanie kodu : _bzaawansowane techniki zabezpieczania programów / _cKris Kaspersky ; [tł. Janusz Machowski]. |
| 246 |
_iTyt. oryg.: _aHacker disassembling uncovered |
||
| 260 |
_aWarszawa : _b"RM", _c2003. |
||
| 300 |
_aVI, 433 s. ; _c24 cm. |
||
| 490 | 1 | _aProgramowanie | |
| 500 | _aTyt. oryg.: "Hacker disassembling uncovered". | ||
| 504 | _aIndeks. | ||
| 650 | 9 |
_aProgramy komputerowe _xochrona |
|
| 655 | _aPodręczniki | ||
| 700 | 1 |
_aMACHOWSKI, Janusz. _eTł. |
|
| 830 | _aProgramowanie | ||
| 020 | _a8372434093 | ||
| 040 | _cBPK | ||
| 041 | 1 |
_apol _heng |
|
| 080 | _a004.056:004.42](07) | ||
| 920 | _a83-7243-409-3 | ||
| 942 | _cKS | ||
| 008 | s pl f |000 0 pol | ||
| 999 |
_c46180 _d46180 |
||
| 856 |
_uhttp://koha.tu.koszalin.pl/cgi-bin/koha/opac-detail.pl?biblionumber=46180 _yKatalog online BPK |
||